1408 1500 1882 1753 1304 1214 1923 1865 1597 1044 1117 1900 1898 1277 1294 1569 1685 1104 1014 1077 1334 1272 1071 1194 1309 1675 1448 1138 1337 1096 1692 1333 1735 1944 1295 1067 1313 1887 1477 1052 1319 1212 1302 1112 1767 1270 1876 1835 1041 1359 1799 1967 1767 1496 1934 1029 1275 1019 1593 1216 1342 1818 1090 1828 1430 1469 1613 1341 1288 1623 1385 1474 1895 1238 1626 1847 1943 1185 1316 1165 1199 1975 1070 1191 1152 1580 1468 1198 1548 1851 1893 1142 1361 1869 1341 1423 1668 1352 1713 BCNSPRNW ULIB Ver.6.0+V

เปลี่ยนเป็นภาษาไทย

Change to English
 แสดงรายละเอียดบรรณานุกรม
  กลับหน้าหลัก

Brief Record : Get Marc (ISO 2709) : E-mail record : QR code < ปิดหน้าต่าง
LEADER : 00000nam 2200000uu 4500
001    13399107728
003     ULIB
008    110130s2551||||th 000 0 tha d
020    9789744140456
050  4 PE1483^bส867ข 2551
100 0  สุรีรัตน์ ทองอินทร์
245 10 เขียนอีเมลภาษาอังกฤษแบบมือโปร =^bProfessional E-mailwriting /^cสุรีรัตน์ ทองอินทร์
246 31 Professional E-mail writing
250    พิมพ์ครั้งที่ 1
260    กรุงเทพฯ :^bเอ็กซเปอร์เน็ท,^c2551
300    140 หน้า :^bภาพประกอบ ;^c21 ซม.
650  7 การเขียนจดหมาย
650  7 ภาษาอังกฤษ^xการเขียน
650  7 จดหมายอิเล็กทรอนิกส์
650  7 ไปรษณีย์อิเล็กทรอนิกส์
945    ^p139^l0^i17826
995    เกษร
999 ^a ใช้งานได้ทุกระบบ
รายการนี้ยังไม่มีแท็ก
คุณยังไม่ได้ล็อกอิน คุณสามารถมีกิจกรรมร่วมกับเว็บไซต์ได้ แต่ต้องล็อกอินก่อน ::
  ล็อกอิน

รายการสื่อสารสนเทศ

ลำดับที่ ประเภท เลขเรียก/บาร์โค้ด สถานที่ สถานะ
1. วิทยาศาสตร์การแพทย์ และสุขภาพ
วิทยาศาสตร์การแพทย์ และสุขภาพ
PE1483 ส867ข 2551  
  Barcode: 17826
ห้องสมุดวิทยาเขตสวรรค์ประชารักษ์
►หนังสือทั่วไป
บนชั้น

รายการใกล้เคียง
    ผู้แต่ง [สุรีรัตน์ ทองอินทร์]

    หัวเรื่อง [จดหมายอิเล็กทรอนิกส์]

BibComment


ยังไม่เคยถูกคอมเมนท์

คอมเมนท์ทรัพยากรรายการนี้
  คอมเมนท์: เขียนอีเมลภาษาอัง..


 Copyright 2026. Bcnsprnw @Library